| 000 | 00459nam a22001697a 4500 | ||
|---|---|---|---|
| 003 | OSt | ||
| 005 | 20250507120119.0 | ||
| 008 | 250429b |||||||| |||| 00| 0 eng d | ||
| 020 | _a9780521612807 | ||
| 040 | _crda | ||
| 100 |
_aBAILEY,R.E., _eAUTHOR _9753350 |
||
| 245 |
_aTHE ECONOMICS OF FINANCIAL MARKETS _cBY R.E. Bailey |
||
| 260 |
_aUNITED KINGDOM _bCAMBRIDGE UNIVERSITY PRESS _c2005 |
||
| 300 | _axix,528P | ||
| 650 | _2Finance | ||
| 942 |
_2CC _cGB _n0 |
||
| 999 |
_c1309698 _d1309698 |
||